Water and soil salinity studies on california rice 1993-1995
Đã lưu trong:
| Formáid: | Leabhar |
|---|---|
| Teanga: | Undetermined |
| Foilsithe: |
University of California
Colusa
1995
|
| Ábhair: | |
| Clibeanna: |
Cuir Clib Leis
Gan Chlibeanna, Bí ar an gcéad duine leis an taifead seo a chlibeáil!
|
| Thư viện lưu trữ: | Trung tâm Học liệu Trường Đại học Cần Thơ |
|---|
| LEADER | 00467nam a2200157Ia 4500 | ||
|---|---|---|---|
| 001 | CTU_138600 | ||
| 008 | 210402s9999 xx 000 0 und d | ||
| 082 | |a 631.416 | ||
| 082 | |b W324 | ||
| 245 | 0 | |a Water and soil salinity studies on california rice 1993-1995 | |
| 260 | |a University of California | ||
| 260 | |b Colusa | ||
| 260 | |c 1995 | ||
| 650 | |a Soil science,Khoa học đất | ||
| 904 | |i Tuyến | ||
| 980 | |a Trung tâm Học liệu Trường Đại học Cần Thơ | ||